| 000 | 00873nam a2200277 i 4500 | ||
|---|---|---|---|
| 003 | DO-SdBNP | ||
| 005 | 20240305101738.0 | ||
| 007 | ta | ||
| 008 | 240405b2004 dr ac||| |||| 00| 0 spa d | ||
| 020 | _a8426347541 | ||
| 040 |
_aDO-SdBNP _bspa _cBNPHU _erda |
||
| 082 | 4 |
_bB615 _222 |
|
| 100 |
_aLópez Fenoy, Víctor _eautor _974894 |
||
| 110 | _984970 | ||
| 245 | 1 | 0 |
_aBiología siglo 21 : _b3 ero educación media / _cVíctor López Fenoy, Vicente Morales Ortíz, Carlos Arribas Puras |
| 264 |
_aSanto Domingo : _bSusaeta, _c2004 |
||
| 300 |
_a212 páginas ; _c29 cm. |
||
| 336 |
_2rdacontent _atexto _btxt |
||
| 337 |
_2rdamedia _asin mediación _bn |
||
| 338 |
_2rdacarrier _avolumen _bnc |
||
| 590 | _aInventariado, 2024/DG | ||
| 700 |
_aMorales Ortíz, Vicente _eautor _974896 |
||
| 700 |
_aArribas Puras, Carlos _eautor _974895 |
||
| 910 | _aDG | ||
| 942 |
_2ddc _cLBS1 |
||
| 999 |
_c56034 _d56034 |
||